| 000 | 01091nam a22003137a 4500 | ||
|---|---|---|---|
| 005 | 20110803144638.0 | ||
| 008 | 110803t xxu||||| |||| 00| 0 eng d | ||
| 010 | _aENG-103209 | ||
| 020 |
_a9780071332576 _c525.00 |
||
| 020 |
_a007133257x _c525.00 |
||
| 035 | _aEN-86742 | ||
| 037 | _bDBAD / PUB | ||
| 040 |
_adpl _bEnglish |
||
| 082 | _a650 | ||
| 100 |
_929868 _aFerrell, O. C. |
||
| 245 |
_aBusiness : _cby O.C. Ferrell, Geoffrey A. Hirt [and] Linda Ferrell _ba changing world / |
||
| 250 | _a7th ed | ||
| 260 |
_aNew Delhi _bTata McGraw Hill _c2011 |
||
| 270 |
_a7, West Patel Nagar _bNew Delhi _e110008 |
||
| 300 |
_axxxiv,588p. : _c26cm (pbk) _bill. |
||
| 500 | _aIncludes bibliographical references (p. 532-551) and indexes. | ||
| 650 |
_929869 _aBusiness. |
||
| 650 |
_931012 _aManagement _zUnited States |
||
| 651 | _91549 | ||
| 700 |
_929871 _aHirt, Geoffrey A. |
||
| 700 |
_aFerrell, Linda. _931077 |
||
| 942 |
_2ddc _cEN _mFER _h650 |
||
| 999 |
_c54787 _d54787 |
||